Kaštiele a kúrie - Kaštieľ Malinovo - obnova a revitalizácia

Enregistré dans:
Détails bibliographiques
Auteur principal: Sciranková, Alexandra (Auteur)
Autres auteurs: Gregor, Pavel (Directeur de thèse)
Format: Manuscrit Livre
Langue:slovaque
Publié: 2025
Sujets:
Accès en ligne:http://is.stuba.sk/zp/portal_zp.pl?podrobnosti=185270
Tags: Ajouter un tag
Pas de tags, Soyez le premier à ajouter un tag!

MARC

LEADER 00000ntm a22000003a 4500
001 stuzp104798
003 SK-STU
005 20250607210845.5
007 ta
008 150427s2015----xo-----f-mn---000-0-slo-d
040 |a STU  |b slo 
041 0 |a slo 
100 1 |a Sciranková, Alexandra  |u 053130  |4 aut  |U FAD Fakulta architektúry a dizajnu  |T FAD Ústav dejín a teórie architektúry a obnovy pamiatok  |X 103793  |U A3130  |Y 394  |7 103793 
242 0 1 |a The Manor and Small Noble Houses - Manor House Malinovo - restoration and revitalization  |y eng 
245 1 0 |a Kaštiele a kúrie - Kaštieľ Malinovo - obnova a revitalizácia 
260 |c 2025 
650 4 |a restoration  |2 eng 
650 4 |a culture  |2 eng 
650 4 |a Malinovo  |2 eng 
650 4 |a english landscape garden  |2 eng 
650 4 |a manor house  |2 eng 
650 4 |a Malinovo  |2 slo 
650 4 |a anglický park  |2 slo 
650 4 |a kaštieľ  |2 slo 
650 4 |a obnova  |2 slo 
650 4 |a kultúra  |2 slo 
700 1 |a Gregor, Pavel  |u 053130  |k Z8  |4 ths  |U FAD Fakulta architektúry a dizajnu  |T FAD Ústav dejín a teórie architektúry a obnovy pamiatok  |X 412  |U A3130  |Y 394  |7 A000000412 
856 4 |u http://is.stuba.sk/zp/portal_zp.pl?podrobnosti=185270